000 00362nam a2200145Ia 4500
008 230711s9999||||xx |||||||||||||| ||und||
041 _aENG
082 _bCA-G
100 _aCadd Center Traning Prt
245 0 _aGT/STRUOl reference guide
250 _a1st Ed.
260 _c2002
_aNew Delhi
_bCadd Center Traning Pvt Ltd
650 _aArchitecture
942 _cBK
999 _c4037
_d4037